| 000 | 00000nam 22000008a 4500 |
| 001 | 9.843371 |
| 003 | CaOODSP |
| 005 | 20221107152516 |
| 007 | cr ||||||||||| |
| 008 | 170912s1980 xxc o| f000 0 eng d |
| 040 | |aCaOODSP|beng |
| 043 | |an-cn-- |
| 086 | 1 |aR5-448/1980E-PDF |
| 245 | 00|aProgress report |h[electronic resource] : |bnational social assistance review. |
| 260 | |a[Ottawa] : |bIndian and Inuit Affairs Program, [Department of Indian Affairs and Northern Development], |c1980. |
| 300 | |a10 p. |
| 500 | |a"November 5, 1980." |
| 500 | |aDigitized edition from print [produced by Indigenous and Northern Affairs Canada]. |
| 520 | |aDue to an increase in demand for social assistance during the 1970s, a review of the program was completed as a priority in 1978-79. |
| 692 | 07|2gccst|aAboriginal peoples |
| 692 | 07|2gccst|aFederal programs |
| 692 | 07|2gccst|aSocial assistance |
| 710 | 1 |aCanada. |bIndian and Northern Affairs Canada. |
| 710 | 2 |aIndian and Inuit Affairs Program (Canada) |
| 856 | 40|qPDF|s693 KB|uhttps://publications.gc.ca/collections/collection_2017/aanc-inac/R5-448-1980-eng.pdf |